[Event "Schleswig Holstein-ch U14 MT"]
[Site "Neumuenster"]
[Date "2005.03.24"]
[Round "9"]
[White "Prosch, Julia"]
[Black "Amrhein, Lennart"]
[Result "0-1"]
[WhiteElo "1258"]
[BlackElo "1361"]
[PlyCount "40"]
[EventDate "2005.03.19"]
[EventType "tourn"]
[EventRounds "9"]
[EventCountry "GER"]
[SourceTitle "EXT 2007"]
[Source "ChessBase"]
[SourceDate "2006.11.23"]
[SourceVersion "1"]
[SourceVersionDate "2006.11.23"]
[SourceQuality "1"]

1. e4 Nc6 2. Nf3 d5 3. exd5 Qxd5 4. Nc3 Qd8 5. h3 e5 6. Bc4 Bd6 7. Qe2 Nge7 8. d3 Bf5 9. Bd2 Qd7 10. 0-0-0 Bg6 11. g4 0-0-0 12. a3 h5 13. Ng5 Rdf8 14. Be3 Nd4 15. Bxd4 exd4 16. Nb5 Bf4+ 17. Kb1 Bxg5 18. h4 Bf4 19. Rde1 Re8 20. Nxa7+ Kb8 0-1

[Event "Schleswig Holstein-ch U14 MT"]
[Site "Neumuenster"]
[Date "2005.03.20"]
[Round "3"]
[White "Amrhein, Lennart"]
[Black "Rohde, Patrick"]
[Result "1-0"]
[WhiteElo "1361"]
[BlackElo "1198"]
[PlyCount "85"]
[EventDate "2005.03.19"]
[EventType "tourn"]
[EventRounds "9"]
[EventCountry "GER"]
[SourceTitle "EXT 2007"]
[Source "ChessBase"]
[SourceDate "2006.11.23"]
[SourceVersion "1"]
[SourceVersionDate "2006.11.23"]
[SourceQuality "1"]

1. e4 e5 2. Nf3 Nc6 3. c3 Nf6 4. d4 Nxe4 5. d5 Nb8 6. Nxe5 Qe7 7. Qd4 Nd6 8. Qe3 Nf5 9. Qe2 d6 10. Nf3 Nd7 11. Bf4 Nb6 12. c4 Bd7 13. Nc3 Na4 14. Nxa4 Bxa4 15. Qxe7+ Bxe7 16. Bd3 Bd7 17. 0-0 0-0-0 18. Rfe1 Rde8 19. b4 Bf6 20. Rab1 Rxe1+ 21. Rxe1 Bc3 22. Rb1 h6 23. h4 Nd4 24. Nxd4 Bxd4 25. Be3 Bxe3 26. fxe3 f5 27. Rf1 g6 28. h5 gxh5 29. Bxf5 Re8 30. Bxd7+ Kxd7 31. Rf7+ Re7 32. Rxe7+ Kxe7 33. Kf2 Kf6 34. Kf3 Kf5 35. g3 c6 36. e4+ Kg5 37. a4 cxd5 38. cxd5 a6 39. a5 Kf6 40. Kf4 Kg6 41. e5 dxe5+ 42. Kxe5 Kf7 43. Kd6 1-0